<?xml version="1.0" encoding="UTF-8"?>
<record
    xmlns:xsi="http://www.w3.org/2001/XMLSchema-instance"
    xsi:schemaLocation="http://www.loc.gov/MARC21/slim http://www.loc.gov/standards/marcxml/schema/MARC21slim.xsd"
    xmlns="http://www.loc.gov/MARC21/slim">

  <leader>00646nam a22001457a 4500</leader>
  <datafield tag="020" ind1=" " ind2=" ">
    <subfield code="a">978-969-8535-21-6</subfield>
  </datafield>
  <datafield tag="040" ind1=" " ind2=" ">
    <subfield code="a">1</subfield>
  </datafield>
  <datafield tag="082" ind1=" " ind2=" ">
    <subfield code="a">327.1720954</subfield>
    <subfield code="b">D0000145</subfield>
  </datafield>
  <datafield tag="100" ind1=" " ind2=" ">
    <subfield code="a">Yamin, Tughral </subfield>
  </datafield>
  <datafield tag="245" ind1=" " ind2=" ">
    <subfield code="a">CYBERSPACE CBMs between Pakistan and India</subfield>
    <subfield code="c">Tughral Yamin</subfield>
  </datafield>
  <datafield tag="260" ind1=" " ind2=" ">
    <subfield code="a">Islamabad</subfield>
    <subfield code="b">National University of Science and Technology</subfield>
    <subfield code="c">2014</subfield>
  </datafield>
  <datafield tag="300" ind1=" " ind2=" ">
    <subfield code="a">275 p</subfield>
    <subfield code="b">22 cm</subfield>
  </datafield>
  <datafield tag="650" ind1=" " ind2=" ">
    <subfield code="a">International Initiatives to Create Cyber Norms and Behavior, Existing Domestic Laws and Treaties Regulating Activity in the Information Environment in South Asia, Information CBMs between Pakistan and India , INDIAN INFORMATION TECHNOLOGY ACT 2008</subfield>
  </datafield>
  <datafield tag="942" ind1=" " ind2=" ">
    <subfield code="2">ddc</subfield>
    <subfield code="c">BK</subfield>
  </datafield>
  <datafield tag="999" ind1=" " ind2=" ">
    <subfield code="c">16075</subfield>
    <subfield code="d">16075</subfield>
  </datafield>
  <datafield tag="952" ind1=" " ind2=" ">
    <subfield code="0">0</subfield>
    <subfield code="1">0</subfield>
    <subfield code="4">0</subfield>
    <subfield code="7">0</subfield>
    <subfield code="8">NFIC</subfield>
    <subfield code="a">CIPS</subfield>
    <subfield code="b">CIPS</subfield>
    <subfield code="c">GEN</subfield>
    <subfield code="d">2014-06-18</subfield>
    <subfield code="l">0</subfield>
    <subfield code="o">327.1720954 YAM 2014</subfield>
    <subfield code="p">CIPSD0000145</subfield>
    <subfield code="r">2014-07-08</subfield>
    <subfield code="w">2014-07-08</subfield>
    <subfield code="y">BK</subfield>
  </datafield>
  <datafield tag="952" ind1=" " ind2=" ">
    <subfield code="0">0</subfield>
    <subfield code="1">0</subfield>
    <subfield code="4">0</subfield>
    <subfield code="7">0</subfield>
    <subfield code="8">NFIC</subfield>
    <subfield code="a">CIPS</subfield>
    <subfield code="b">CIPS</subfield>
    <subfield code="c">GEN</subfield>
    <subfield code="d">2014-10-01</subfield>
    <subfield code="l">0</subfield>
    <subfield code="o">327.1720954 YAM 2014</subfield>
    <subfield code="p">CIPSD0000152</subfield>
    <subfield code="r">2014-11-06</subfield>
    <subfield code="w">2017-01-05</subfield>
    <subfield code="y">BK</subfield>
  </datafield>
  <datafield tag="952" ind1=" " ind2=" ">
    <subfield code="0">0</subfield>
    <subfield code="1">0</subfield>
    <subfield code="4">0</subfield>
    <subfield code="7">0</subfield>
    <subfield code="8">NFIC</subfield>
    <subfield code="a">CIPS</subfield>
    <subfield code="b">CIPS</subfield>
    <subfield code="c">GEN</subfield>
    <subfield code="d">2014-10-01</subfield>
    <subfield code="l">0</subfield>
    <subfield code="o">327.1720954 YAM 2014</subfield>
    <subfield code="p">CIPSD0000154</subfield>
    <subfield code="r">2014-11-06</subfield>
    <subfield code="w">2017-01-05</subfield>
    <subfield code="y">BK</subfield>
  </datafield>
  <datafield tag="952" ind1=" " ind2=" ">
    <subfield code="0">0</subfield>
    <subfield code="1">0</subfield>
    <subfield code="4">0</subfield>
    <subfield code="7">0</subfield>
    <subfield code="8">NFIC</subfield>
    <subfield code="a">CIPS</subfield>
    <subfield code="b">CIPS</subfield>
    <subfield code="c">GEN</subfield>
    <subfield code="d">2014-10-01</subfield>
    <subfield code="l">0</subfield>
    <subfield code="o">327.1720954 YAM 2014</subfield>
    <subfield code="p">CIPSD0000153</subfield>
    <subfield code="r">2014-11-06</subfield>
    <subfield code="w">2017-01-05</subfield>
    <subfield code="y">BK</subfield>
  </datafield>
  <datafield tag="952" ind1=" " ind2=" ">
    <subfield code="0">0</subfield>
    <subfield code="1">0</subfield>
    <subfield code="4">0</subfield>
    <subfield code="7">0</subfield>
    <subfield code="8">NFIC</subfield>
    <subfield code="a">CIPS</subfield>
    <subfield code="b">CIPS</subfield>
    <subfield code="c">GEN</subfield>
    <subfield code="d">2014-10-01</subfield>
    <subfield code="l">0</subfield>
    <subfield code="o">327.1720954 YAM 2014</subfield>
    <subfield code="p">CIPS D0000151</subfield>
    <subfield code="r">2015-02-24</subfield>
    <subfield code="w">2015-02-24</subfield>
    <subfield code="y">BK</subfield>
  </datafield>
  <datafield tag="952" ind1=" " ind2=" ">
    <subfield code="0">0</subfield>
    <subfield code="1">0</subfield>
    <subfield code="4">0</subfield>
    <subfield code="7">0</subfield>
    <subfield code="8">NFIC</subfield>
    <subfield code="a">CL</subfield>
    <subfield code="b">CL</subfield>
    <subfield code="c">GEN</subfield>
    <subfield code="d">2015-05-29</subfield>
    <subfield code="l">1</subfield>
    <subfield code="o">327.1720954 YAM 2014</subfield>
    <subfield code="p">CIPS0002585</subfield>
    <subfield code="r">2023-11-15</subfield>
    <subfield code="s">2023-11-14</subfield>
    <subfield code="w">2017-01-05</subfield>
    <subfield code="y">BK</subfield>
  </datafield>
  <datafield tag="952" ind1=" " ind2=" ">
    <subfield code="0">0</subfield>
    <subfield code="1">0</subfield>
    <subfield code="4">0</subfield>
    <subfield code="7">0</subfield>
    <subfield code="8">NFIC</subfield>
    <subfield code="a">CIPS</subfield>
    <subfield code="b">CIPS</subfield>
    <subfield code="c">GEN</subfield>
    <subfield code="d">2015-05-29</subfield>
    <subfield code="l">0</subfield>
    <subfield code="o">327.1720954 D0000145</subfield>
    <subfield code="p">CIPS0002584</subfield>
    <subfield code="r">2015-06-03</subfield>
    <subfield code="w">2015-06-03</subfield>
    <subfield code="y">BK</subfield>
  </datafield>
</record>
